| 000 | 00791nam a2200253Ia 4500 | ||
|---|---|---|---|
| 003 | OSt | ||
| 005 | 20220918222331.0 | ||
| 006 | a|||||r|||| 00| 0 | ||
| 007 | ta | ||
| 008 | 220917b |||||||| |||| 00| 0 eng d | ||
| 024 | _a216,448 | ||
| 037 | _cTextual | ||
| 040 |
_aARTS _cARTS _beng |
||
| 041 |
_2eng _aeng |
||
| 082 | _aV6:17:(Y15:4).N56<-N30, N9 | ||
| 100 |
_aBarnes Teresa A. _9142808 |
||
| 245 | 0 |
_aWe women worked so hard _b gender, urbanization and social reproduction in colonial Harare, Zimbabwe, 1930-1956 |
|
| 260 |
_aOxford _bHeinmann _c1999 |
||
| 300 |
_axiv, 204p _ccm. |
||
| 490 | _aSocial history of Africa series | ||
| 650 | _aHISTORY | ||
| 942 |
_hV6:17:(Y15:4).N56<-N30, N9 _cTEXL _2CC |
||
| 999 |
_c275187 _d275187 |
||